| 000 | 00719nam a2200181 i 4500 | ||
|---|---|---|---|
| 001 | 185902 | ||
| 003 | ES-MaACL | ||
| 005 | 20230906222537.0 | ||
| 008 | 160822s1974 sp |||| | spa d | ||
| 100 | 0 |
_aMuñoz Cortés, Manuel. _984379 |
|
| 245 | 1 | 0 |
_aIntensificación y perspectivismo lingüístico en la elaboración de un ejemplo de "El conde Lucanor" : _b(un estudio de lingüística del texto) / _cpor Manuel Muñoz Cortes. |
| 260 |
_a[Murcia : _bs.n.], _c1974. |
||
| 300 |
_a29 h. ; _c22 cm. |
||
| 500 | _aSeparata de: Estudios literarios dedicados al prof. Mariano Baquero Goyanes. | ||
| 594 | _aDatos tomados de la cub. | ||
| 600 | 0 | 4 |
_aJuan Manuel, Don ( _d1282-1348) _9174238 |
| 852 |
_aES-MaACL _j2095-F-13 |
||
| 999 |
_c185902 _d185902 |
||